Rubber products incubation centre (R.P.I.C.) (Record no. 75352)
[ view plain ]
| 000 -LEADER | |
|---|---|
| fixed length control field | 00249nam a22000977a 4500 |
| 100 ## - MAIN ENTRY--AUTHOR NAME | |
| Personal name | Mathew, S. |
| 245 ## - TITLE STATEMENT | |
| Title | Rubber products incubation centre (R.P.I.C.) |
| 260 ## - PUBLICATION, DISTRIBUTION, ETC. (IMPRINT) | |
| Name of publisher | Rubber, 700(September): 12-14. |
| Year of publication | 2024 |
| 650 ## - SUBJECT ADDED ENTRY--TOPICAL TERM | |
| Topical Term | Incubation centre |
| 942 ## - ADDED ENTRY ELEMENTS (KOHA) | |
| Koha item type | Journals |
| Withdrawn status | Lost status | Damaged status | Not for loan | Home library | Current library | Date acquired | Koha item type |
|---|---|---|---|---|---|---|---|
| RRII Library | RRII Library | 03/01/2025 | Journals |